Ústava pre Európu Rím 29.10.2004

Salvato in:
Dettagli Bibliografici
Ente Autore: European Communities
Natura: Libro
Lingua:slovacco
Pubblicazione: Luxemburg Úrad pre vydávanie úradných publikácií Európskych spoločenstiev 2004
Soggetti:
Tags: Aggiungi Tag
Nessun Tag, puoi essere il primo ad aggiungerne!!

MARC

LEADER 00000nam$a2200000$$$4500
001 0025623
005 20240429120515.4
020 |a 92-894-7973-6 
041 0 |a slo 
044 |a LU 
245 1 0 |a Ústava pre Európu  |b Rím 29.10.2004 
264 1 |a Luxemburg  |b Úrad pre vydávanie úradných publikácií Európskych spoločenstiev  |c 2004 
300 |a 16 s. 
610 2 0 |a integrácia ekonomická medzinárodná 
610 2 0 |a spolupráca hospodárska medzinárodná 
610 2 0 |a ústava 
610 2 0 |a história 
610 2 0 |a zmluvy medzinárodné 
610 2 0 |a demokracia 
610 2 0 |a únie hospodárske 
610 2 0 |a inštitúcie verejnoprávne 
610 2 0 |a bezpečnosť európska 
610 2 0 |a politika medzinárodná 
610 2 0 |a politika regionálna 
610 2 0 |a ochrana prostredia životného 
610 2 0 |a Európa 
610 2 0 |a Európska únia 
710 2 |a European Communities